000 00624nam a22002417a 4500
003 UA-OsUOA
001 80435
007 ta
008 20111208b un ||||| |||| 00| 0 ukr d
100 _aП'юзо М.
090 _a821.161.2
_bП11
942 _cBK
040 _aUA-OsUOA
_bukr
_cUA-OsUOA
_dUA-OsUOA
245 _aХрещений батько
_bроман
300 _a447 с.
955 _a3
041 _aukr
080 _a821.161.2
020 _a5-333-00901-5
260 _aК.
_bРад. пис.
_c1991
650 7 _a82 Література. Літературознавство
_2UDC
999 _c366747
_d366747